The Pauline sarx/pneuma antithesis : (Record no. 18431)
[ view plain ]
| 000 -LEADER | |
|---|---|
| fixed length control field | 00714nam a22001811a 4500 |
| 003 - CONTROL NUMBER IDENTIFIER | |
| control field | NEGST |
| 005 - DATE AND TIME OF LATEST TRANSACTION | |
| control field | 20110718123903.0 |
| 008 - FIXED-LENGTH DATA ELEMENTS--GENERAL INFORMATION | |
| fixed length control field | 030712s1981 001 0 eng d |
| 100 1# - MAIN ENTRY--PERSONAL NAME | |
| Personal name | Lutjens, Ronald George. |
| 245 14 - TITLE STATEMENT | |
| Title | The Pauline sarx/pneuma antithesis : |
| Remainder of title | a comparison of Galatians 5:13-26 and Romans 7:14-25 / |
| Statement of responsibility, etc | by Ronald George Lutjens. |
| 260 ## - PUBLICATION, DISTRIBUTION, ETC. (IMPRINT) | |
| Place of publication, distribution, etc | [S.l.] : |
| Name of publisher, distributor, etc | [s.n.], |
| Date of publication, distribution, etc | 1981. |
| 300 ## - PHYSICAL DESCRIPTION | |
| Extent | xiv, 389p. |
| 500 ## - GENERAL NOTE | |
| General note | Thesis (M.A.) Trinity Evangelical Divinity School, 1981. Bibliography: p.376-389. |
| 590 ## - LOCAL NOTE (RLIN) | |
| Local note | Accession number: 23811 |
| 630 00 - SUBJECT ADDED ENTRY--UNIFORM TITLE | |
| Uniform title | Bible. N.T. Romans 7:14-25 |
| General subdivision | Criticism, interpretation, etc. |
| 630 00 - SUBJECT ADDED ENTRY--UNIFORM TITLE | |
| Uniform title | Bible. N.T. Galatians 5:13-26 |
| General subdivision | Criticism, interpretation, etc. |
| Withdrawn status | Lost status | Source of classification or shelving scheme | Damaged status | Not for loan | Collection code | Home library | Current library | Shelving location | Date acquired | Cost, normal purchase price | Total Checkouts | Full call number | Barcode | Date last seen | Price effective from | Koha item type |
|---|---|---|---|---|---|---|---|---|---|---|---|---|---|---|---|---|
| Library of Congress Classification | General Circulation | AIU/NEGST - Tony Wilmot Memorial Library | AIU/NEGST - Tony Wilmot Memorial Library | General Stacks | 08/10/2009 | 40.00 | BS 2665.3.L88 1991 | R02007Y3232 | 09/02/2011 | 08/10/2009 | Books |
